LEADER 01105nam a2200217 i 4500 001 000000199744 003 CaOOAMICUS 005 20110328000000.0 008 110328s1914 it u000 u ita u 013 $a178436 040 $aSeMil$bita 245 10$aStoria della Guerra Franco-Germanica del 1870-71 del Conte Helmuth Von Moltke Feld-Maresciallo Generale. 250 $a3. Edizione italiana. 1. Edizione economica. 260 $aMilano :$bFratelli Treves,$cstampa 1914. 300 $aXI, 407 p. ;$c23 cm. 500 $aIn mezzo al front : Con un'Appendice sul preteso consiglio di guerra nelle guerre del Re Guglielmo 1. - In copertina : Con una carta del teatro della guerra. 650 4$aGuerra franco-prussiana <1870-1871>.$0(OLS)http://semarc/subject/44790 850 $aSeMil 852 $aSeMil$W1$xVenegono$y1$m3U III 569$j258386$B150279$CSeMilBibl$Z2$F161634 $81 996 $6245$aStoria della Guerra Franco-Germanica del 1870-71 del Conte Helmuth Von Moltke Feld-Maresciallo Generale$9(OLS)http://semarc/title/288742 996 $6260$aMilano :$bFratelli Treves$9(OLS)http://semarc/publisher/30212 LEADER 01099nam a2200241 i 4500 001 000000073303 003 CaOOAMICUS 005 20190828091152.0 008 090612s1954 xx u000 u fre u 013 $a44475 040 $aSeMil$bita 245 10$a2: Les responsabilités de la pensée et la possibilité de son achèvement. 264 1$aParis :$bF. Alcan,$c1954. 300 $a407 p. ;$c23 cm. 490 0 $aBibliothèque de philosophie contemporaine 700 1 $aBlondel, Maurice <1861-1949>.$0(OLS)http://semarc/name/3444 773 0 $aBlondel, Maurice <1861-1949>$tPensée.$dParis : F. Alcan, 1934.$kBibliothèque de philosophie contemporaine$g2$w()21481 830 0$aBibliothèque de philosophie contemporaine.$0(OLS)http://semarc/title/9305 850 $aSeMil 852 $aSeMil$W1$xVenegono$y1$m2Q V 45$j39455$B39455$CSeMilBibl$Z2$F39459 $81 996 $6245$a2: Les responsabilités de la pensée et la possibilité de son achèvement$9(OLS)http://semarc/title/424636 996 $6264$aParis :$bF. Alcan$9(OLS)http://semarc/publisher/29951